| 000 | 00670cam a2200205 i 4500 | ||
|---|---|---|---|
| 005 | 20251204093837.0 | ||
| 008 | 250721s2005 jo gr 000 0 ara d | ||
| 020 | _a9957212206 | ||
| 082 | 1 | 4 |
_a214.5 _bل ه ي |
| 100 | 1 |
_aاللهيميد، سليمان بن محمد _eمؤلف. |
|
| 245 | 1 | 0 |
_aكتاب الجنائز / _cبقلم سليمان بن محمد اللهيميد. |
| 250 | _aالطبعة الاولى. | ||
| 264 | 3 | 1 |
_aالأردن : _bبيت الأفكار الدولية، _c2005. |
| 300 | _a60صفحة. | ||
| 650 | 1 | 7 | _aالموت. |
| 650 | 1 | 7 | _aالمقابر. |
| 650 | 1 | 7 | _aالجنائز. |
| 942 |
_2ddc _cBK |
||
| 999 |
_c99136 _d99136 |
||